UFC Middleweight Champions - Sudden Death - Statistics

General Stats
  • This quiz has been taken 943 times
  • The average score is 4 of 14
Answers on the Grid
Answers color-coded by a green-red scale on the quiz's grid according to % correct below.
Yoel Romero
Michael Bisping
Israel Adesanya
Dan Henderson
Demian Maia
David Terell
Marvin Vettori
Khamzat Chimaev
Rich Franklin
Luke Rockhold
Nate Marquardt
Chael Sonnen
Sean Strickland
Robert Whittaker
Nick Diaz
Lyoto Machida
Anderson Silva
Murilo Bustamante
Matt Lindland
Dricus Du Plessis
Dave Menne
Vitor Belfort
Paulo Costa
Georges St-Pierre
Chris Weidman
Evan Tanner
Nate Quarry
Alex Pereira
 
Answer Stats
Answer % Correct
Israel Adesanya
87%
Michael Bisping
84%
Anderson Silva
35%
Sean Strickland
35%
Robert Whittaker
32%
Dricus Du Plessis
30%
Luke Rockhold
30%
Alex Pereira
29%
Georges St-Pierre
29%
Chris Weidman
23%
Rich Franklin
15%
Murilo Bustamante
7%
Dave Menne
6%
Evan Tanner
5%
No matching quizzes found
Score Distribution
Percent of People with Each Score
Percentile by Number Answered
Your Score History
You have not taken this quiz